No somos dueños del mar ni del alma del espantapájaros
Tallennettuna:
| Päätekijä: | |
|---|---|
| Aineistotyyppi: | Tuntematon |
| Kieli: | Spanish |
| Julkaistu: |
San José, Costa Rica
Antanaclasis, Editores, S. A.
2020
|
| Aiheet: | |
| Tagit: |
Lisää tagi
Ei tageja, Lisää ensimmäinen tagi!
|
MARC
| LEADER | 00000 a2200000 4500 | ||
|---|---|---|---|
| 008 | 191010b ||||| |||| 00| 0 spa d | ||
| 020 | |a 978-9930-9596-8-8 | ||
| 040 | |a cru BVZT | ||
| 090 | |a 868 R-1.3n | ||
| 100 | |a Ramírez Briceño, Edgar Roy |9 620 | ||
| 245 | |a No somos dueños del mar ni del alma del espantapájaros |c / Edgar Roy Ramírez Briceño | ||
| 260 | |a San José, Costa Rica |b Antanaclasis, Editores, S. A. |c 2020 | ||
| 300 | |a 226 páginas | ||
| 650 | |a LITERATURA COSTARRICENSE |9 17 | ||
| 650 | |a POESÍA |9 18 | ||
| 999 | |c 30977 |d 30977 | ||
| 942 | |c 15 D |h 868 R-1.3n |2 z | ||



